Answers Contain "Hole" 🕳️ - Statistics

General Stats
  • This quiz has been taken 32 times
  • The average score is 13 of 26
Answer Stats
Hint Answer % Correct
An object so compact its gravity prevents anything from escaping black hole
90%
In golf, also known as an ace hole in one
90%
Stationery item used to create holes in sheets of paper hole punch
90%
Allows one to see who is on the other side of the door peephole
90%
An opening in the ground to access the sewers manhole
87%
A burrow, like the one Alice went down rabbit hole
87%
Courtney Love's band Hole
77%
An inconsistency in a storyline plot hole
73%
Like Munchkins from Dunkin donut hole
63%
Exclamatory expression that warns an explosion is imminent "Fire in the hole!"
63%
Game in which players throw bean bags into the hole of a board cornhole
60%
A bar, pub, or tavern watering hole
53%
Shia LeBeouf's theatrical debut (2003) Holes
50%
Hypothetical structure connecting faraway points in spacetime wormhole
50%
1994 song by Soundgarden, considered their signature song Black Hole Sun
47%
Iconic valley in Wyoming Jackson Hole
47%
Traditional British dish of sausages in Yorkshire pudding batter {toad} in the hole
40%
2006 album and song by Muse {Supermassive} {Black} Hole
30%
1967 Beatles song from Sgt. Pepper's {Fixing} a Hole
27%
1992 song by Alice in Chains from Dirt {Down} in a Hole
17%
Large marine sinkhole off the coast of Belize {Great} {Blue} Hole
17%
Fictional device for destroying historical evidence in Orwell's 1984 {memory} hole
17%
1989 Nine Inch Nails song from Pretty Hate Machine {Head} Like a Hole
13%
The deepest human-made hole on Earth (12,262 meters) {Kola} Superdeep Borehole
13%
1997 Chemical Brothers album featuring "Block Rockin' Beats" {Dig} {Your} Own Hole
10%
1987 Tom Waits song, used as the theme for The Wire {Way} {Down} in the Hole
10%
No matching quizzes found
Score Distribution
Percent of People with Each Score
Percentile by Number Answered
Your Score History
You have not taken this quiz